00224 a2200109 4500001000700000020000600007040001100013100002000024240003300044245002800077362000900105179670 a  cMagnum aSa, A. Lopes de10aA turminha da d. cynaralpor10aA turminha da d. cynara0 a1899